书目信息 |
| 题名: |
塑料弹性材料与加工
|
|
| 作者: | 刘殿凯 , 童忠东 编 | |
| 分册: | ||
| 出版信息: | 北京 化学工业出版社 2013.08 |
|
| 页数: | 266页 | |
| 开本: | 24cm | |
| 丛书名: | 塑料制品与加工丛书 | |
| 单 册: | ||
| 中图分类: | TB39 | |
| 科图分类: | ||
| 主题词: | 塑料--弹性材料--生产工艺 , 塑料 , 弹性材料 | |
| 电子资源: | ||
| ISBN: | 978-7-122-17114-6 | |
| 000 | 01196oam2 2200301 450 | |
| 001 | 010010114423 | |
| 005 | 20140609160750.20 | |
| 010 | @a978-7-122-17114-6@dCNY68.00 | |
| 100 | @a20130813d2013 em y0chiy0110 ea | |
| 101 | 0 | @achi |
| 102 | @aCN@b110000 | |
| 105 | @aak z 000yy | |
| 106 | @ar | |
| 200 | 1 | @a塑料弹性材料与加工@9su liao tan xing cai liao yu jia gong@f刘殿凯,童忠东编 |
| 210 | @a北京@c化学工业出版社@d2013.08 | |
| 215 | @a266页@c图@d24cm | |
| 225 | 2 | @a塑料制品与加工丛书 |
| 330 | @a本书共分6章,系统阐述了热塑性和热固性增强塑料及复合材料的基本理论和基本知识,重点介绍了热塑性增强塑料材料的界面和优化设计、热塑性复合材料的制备工艺、热塑性弹性体与加工、热塑性弹性体技术与配方及其产品成型工艺、热塑性弹性体的应用等。 | |
| 333 | @a本书可供从事塑料制品加工人员、塑料材料研究与应用人员、制品设计人员、成型加工人员和教学人员阅读参考,也可作为高等院校塑料工艺专业学生参考 | |
| 461 | 0 | @12001 @a塑料制品与加工丛书 |
| 606 | 0 | @a塑料@x弹性材料@x生产工艺 |
| 606 | 0 | @a塑料 |
| 606 | 0 | @a弹性材料 |
| 690 | @aTB39@v5 | |
| 701 | 0 | @a刘殿凯@9liu dian kai@4编 |
| 701 | 0 | @a童忠东@9tong zhong dong@4编 |
| 801 | 0 | @aCN@b人天书店@c20130813 |
| 905 | @b847180-82@dTB39@e240@f3 | |
| 塑料弹性材料与加工/刘殿凯,童忠东编.-北京:化学工业出版社,2013.08 |
| 266页:图;24cm.-(塑料制品与加工丛书) |
| 使用对象:本书可供从事塑料制品加工人员、塑料材料研究与应用人员、制品设计人员、成型加工人员和教学人员阅读参考,也可作为高等院校塑料工艺专业学生参考 |
| ISBN 978-7-122-17114-6:CNY68.00 |
| 本书共分6章,系统阐述了热塑性和热固性增强塑料及复合材料的基本理论和基本知识,重点介绍了热塑性增强塑料材料的界面和优化设计、热塑性复合材料的制备工艺、热塑性弹性体与加工、热塑性弹性体技术与配方及其产品成型工艺、热塑性弹性体的应用等。 |
| ● |
| 相关链接 |
|
|
|
|
正题名:塑料弹性材料与加工
索取号:TB39/240
 
预约/预借
| 序号 | 登录号 | 条形码 | 馆藏地/架位号 | 状态 | 备注 |
| 1 | 847180 | 208471802 | 第二样本阅览室/ [索取号:TB39/240] | 在馆 | |
| 2 | 847181 | 208471811 | 第三借阅区/ [索取号:TB39/240] | 在馆 | |
| 3 | 847182 | 208471820 | 密集书库-化学系/ [索取号:TB39/240] | 在馆 |